LIBRARY & INFORMATION CENTRE, KCAET, TAVANUR

ONLINE PUBLIC ACCESS CATALOGUE (OPAC)

Text book of mechanics, Vol 3 / (Record no. 232)

MARC details
000 -LEADER
fixed length control field 00426cam a2200181ua 4500
041 ## - LANGUAGE CODE
Language code of text/sound track or separate title eng
082 ## - DEWEY DECIMAL CLASSIFICATION NUMBER
Classification number 531
Item number JAG/TE
100 ## - MAIN ENTRY--AUTHOR NAME
Personal name Jagger, J G.
245 ## - TITLE STATEMENT
Title Text book of mechanics, Vol 3 /
250 ## - EDITION STATEMENT
Edition statement 1 /
260 ## - PUBLICATION, DISTRIBUTION, ETC. (IMPRINT)
Place of publication London :
Name of publisher Blackie & Son Ltd ,
Year of publication 1952.
300 ## - PHYSICAL DESCRIPTION
Number of Pages 664 ; .
650 ## - SUBJECT ADDED ENTRY--TOPICAL TERM
Topical Term Mechanics
942 ## - ADDED ENTRY ELEMENTS (KOHA)
Koha item type Books
Holdings
Withdrawn status Lost status Damaged status Home library Current library Date acquired Full call number Accession Number Koha item type
Withdrawn     KAUAET Sanskrit University 07/04/2012 531 3510 Books
free website counter